书目信息 |
| 题名: |
古文字研究
|
|
| 作者: | ;中国古文字研究会 , 中华书局编辑部 编 | |
| 分册: | 第十六辑 | |
| 出版信息: | 北京 中华书局 1989.09 |
|
| 页数: | 253页 | |
| 开本: | 26cm | |
| 丛书名: | ||
| 单 册: | ||
| 中图分类: | H121 | |
| 科图分类: | ||
| 主题词: | 汉字:古文字 | |
| 电子资源: | ||
| ISBN: | 7-101-00596-9 | |
| 000 | 00654nam0 2200205 45 | |
| 001 | 0504281052 | |
| 005 | 20050428153748.8 | |
| 010 | @a7-101-00596-9@dCNY17.50 | |
| 100 | @a20050428d1989 km y0chiy0120 ea | |
| 101 | 0 | @achi |
| 105 | @a z 000yy | |
| 200 | 1 | @a古文字研究@AGu Wen Zi Yan Jiu@h第十六辑@f中国古文字研究会,中华书局编辑部编@FZhong Guo Gu Wen Zi Yan Jiu Hui,Zhong Hua Shu Ju Bian Ji Bu Bian |
| 210 | @a北京@c中华书局@d1989.09 | |
| 215 | @a253页@c肖像@d26cm | |
| 606 | 0 | @a汉字:古文字 |
| 690 | @aH121@v3 | |
| 711 | 02 | @a中国古文字研究会@4编 |
| 711 | 02 | @a中华书局编辑部@4编 |
| 801 | @aCN@bPftUser@c20050428 | |
| 905 | @f1@b225475@dH121@e14:16 | |
| 古文字研究.第十六辑/中国古文字研究会,中华书局编辑部编.-北京:中华书局,1989.09 |
| 253页:肖像;26cm |
| ISBN 7-101-00596-9:CNY17.50 |
| ● |
| 相关链接 |
|
|
|
|
正题名:古文字研究
索取号:H121/14:16
 
预约/预借
| 序号 | 登录号 | 条形码 | 馆藏地/架位号 | 状态 | 备注 |
| 1 | 0225475 | 001566255 | 第二样本阅览室/ [索取号:H121/14:16] | 在馆 |